Invasión USA a Panamá: modelo para no olvidar (y cinco presagios estructurales)

Guardado en:
Bibliografiske detaljer
Hovedforfatter: Méndez Dávila, Lionel
Format: Texto
Udgivet: Panamá: Panamá
Tags: Tilføj Tag
Ingen Tags, Vær først til at tagge denne postø!

MARC

LEADER 00000 a a2200000 04500
001 24153
003
040
090 |a 165400  
100 |a Méndez Dávila, Lionel  
245 |a Invasión USA a Panamá: modelo para no olvidar (y cinco presagios estructurales)  
260 |a Panamá:   |b Panamá  
300 |a 291 p.   |b **no definido**  
999 |c 12938  |d 12938